<?xml version='1.0' encoding='UTF-8'?>
  <record xmlns="http://www.loc.gov/MARC21/slim">
    <leader>00000ctm a2200000 i 4500</leader>
    <controlfield tag="001">on1107040398</controlfield>
    <controlfield tag="003">OCoLC</controlfield>
    <controlfield tag="005">20240202180208.2</controlfield>
    <controlfield tag="008">190702m15691575be            000 0 lat d</controlfield>
    <datafield tag="040" ind1=" " ind2=" ">
      <subfield code="a">QGJ</subfield>
      <subfield code="b">eng</subfield>
      <subfield code="e">rda</subfield>
      <subfield code="e">dcrmmss</subfield>
      <subfield code="c">QGJ</subfield>
      <subfield code="d">OCL</subfield>
      <subfield code="d">OCLCQ</subfield>
      <subfield code="d">OCLCO</subfield>
      <subfield code="d">QGJ</subfield>
      <subfield code="d">OCLCO</subfield>
      <subfield code="d">OCLCL</subfield>
    </datafield>
    <datafield tag="035" ind1=" " ind2=" ">
      <subfield code="a">(OCoLC)1107040398</subfield>
    </datafield>
    <datafield tag="044" ind1=" " ind2=" ">
      <subfield code="a">be</subfield>
      <subfield code="a">fr</subfield>
    </datafield>
    <datafield tag="100" ind1="1" ind2=" ">
      <subfield code="a">Bajus, Michael,</subfield>
      <subfield code="d">1513-1589,</subfield>
      <subfield code="e">author.</subfield>
      <subfield code="4">aut</subfield>
      <subfield code="1">https://id.oclc.org/worldcat/entity/E39PBJxrRfyYJMDBgkC878pkjC</subfield>
    </datafield>
    <datafield tag="245" ind1="1" ind2="0">
      <subfield code="a">Annotationes in epistolas Pauli, epistolas catholicas et Apocalypsin :</subfield>
      <subfield code="k">lecture notes /</subfield>
      <subfield code="c">Michael Bajus ; ex ore ejus excerptae a Dominico Nullens,</subfield>
      <subfield code="f">UBU Hs. 434 (Hs 5 E 16).</subfield>
    </datafield>
    <datafield tag="264" ind1=" " ind2="0">
      <subfield code="a">[Louvain] ;</subfield>
      <subfield code="a">Insulis,</subfield>
      <subfield code="c">[1569-1575]</subfield>
    </datafield>
    <datafield tag="300" ind1=" " ind2=" ">
      <subfield code="a">538 leaves ;</subfield>
      <subfield code="c">196 x 140 mm</subfield>
    </datafield>
    <datafield tag="336" ind1=" " ind2=" ">
      <subfield code="a">text</subfield>
      <subfield code="b">txt</subfield>
      <subfield code="2">rdacontent</subfield>
    </datafield>
    <datafield tag="337" ind1=" " ind2=" ">
      <subfield code="a">unmediated</subfield>
      <subfield code="b">n</subfield>
      <subfield code="2">rdamedia</subfield>
    </datafield>
    <datafield tag="338" ind1=" " ind2=" ">
      <subfield code="a">volume</subfield>
      <subfield code="b">nc</subfield>
      <subfield code="2">rdacarrier</subfield>
    </datafield>
    <datafield tag="340" ind1=" " ind2=" ">
      <subfield code="a">paper</subfield>
      <subfield code="2">rdamat</subfield>
    </datafield>
    <datafield tag="500" ind1=" " ind2=" ">
      <subfield code="a">Title page: In hoc libro contine[n]tur enarrationes M.N. Michaelis Baiji in epistolas Paulinas. Fr. Dominicus Nullens Dominicanus Trajecti ad Mosam.</subfield>
    </datafield>
    <datafield tag="500" ind1=" " ind2=" ">
      <subfield code="a">At end: "Haec est expositio M.N. Thomae super aliquot capita. Haec scripsi Insulis a. 1575. Loemelius ord. praedicat."</subfield>
    </datafield>
    <datafield tag="505" ind1="0" ind2="0">
      <subfield code="g">[1.] fol. 1-5:</subfield>
      <subfield code="t">Dictata Thomae /</subfield>
      <subfield code="r">scripsit Loemelius --</subfield>
      <subfield code="g">[2.] fol. 6-60:</subfield>
      <subfield code="t">Aliquot annotationes in Apostoli Pauli epistolam ad Romanos (1571) --</subfield>
      <subfield code="g">[3.] fol. 61-141:</subfield>
      <subfield code="t">Quaedam annotationes in priorem [-in posteriorem] Pauli ad Corinthios epistolam --</subfield>
      <subfield code="g">[4.] fol. 142-161:</subfield>
      <subfield code="t">Annotationes in epistolam ad Galathas (1569) --</subfield>
      <subfield code="g">[5.] fol. 165-183:</subfield>
      <subfield code="t">Annotationes in epistolam ad Ephesios --</subfield>
      <subfield code="g">[6.] fol. 185-199:</subfield>
      <subfield code="t">Commentaria in epistolam Pauli ad Philippenses --</subfield>
      <subfield code="g">[7.] fol. 201-217:</subfield>
      <subfield code="t">Commentarius in epistolam ad Colossenses --</subfield>
      <subfield code="g">[8.] fol. 218-239:</subfield>
      <subfield code="t">Annotationes in priorem [-in posteriorem] epistolam ad Thessalonienses --</subfield>
      <subfield code="g">[9.] fol. 241-270:</subfield>
      <subfield code="t">Annotationes in primam [-in posteriorem] epistolam Pauli ad Thimotheum -- [10.] fol. 271-284:</subfield>
      <subfield code="t">Annotationes in epistolam ad Titum -- [11.] fol. 285-330:</subfield>
      <subfield code="t">Commentarius in epistolam ad Hebraeos --</subfield>
      <subfield code="g">[12.] fol. 330v-347:</subfield>
      <subfield code="t">Quaedam annotationes in epistolam Beati Jacobi apostoli --</subfield>
      <subfield code="g">[13.] fol. 350-377:</subfield>
      <subfield code="t">Annotationes in primam [-in posteriorem[epistolam S. Petri (1571) --</subfield>
      <subfield code="g">[14.] fol. 377v-401:</subfield>
      <subfield code="t">Quaedam annotationes in primam [-in 3am] epistolam Joannis apostoli (1571) --</subfield>
      <subfield code="g">[15.] fol. 409-418:</subfield>
      <subfield code="t">Annotationes in epistolam canonciam Jacobi apostoli --</subfield>
      <subfield code="g">[16.] fol. 420-452:</subfield>
      <subfield code="t">Annotationes in eandem Jacobi apostoli epistolam canonicam. De huius epistolae authore --</subfield>
      <subfield code="g">[17.] fol. 455-534:</subfield>
      <subfield code="t">Commentarius in apocalysim Beati Joannis apostoli --</subfield>
      <subfield code="g">[18.] fol. 535-537:</subfield>
      <subfield code="t">Expositiones (Dictata) super aliquot capita.</subfield>
    </datafield>
    <datafield tag="524" ind1="8" ind2=" ">
      <subfield code="a">Cite as: Universiteitsbibliotheek Utrecht Hs. 434 (Hs 5 E 16).</subfield>
    </datafield>
    <datafield tag="541" ind1=" " ind2=" ">
      <subfield code="a">"Collectie Maastricht";</subfield>
      <subfield code="d">1840</subfield>
    </datafield>
    <datafield tag="561" ind1=" " ind2=" ">
      <subfield code="a">Confiscated around 1794 by the French occupation troops in Limburg and rediscovered in Maastricht in 1839.</subfield>
    </datafield>
    <datafield tag="563" ind1=" " ind2=" ">
      <subfield code="a">Half leather binding over pasteboards, covered with marbled paper.</subfield>
    </datafield>
    <datafield tag="581" ind1=" " ind2=" ">
      <subfield code="a">P.A. Tiele, Catalogus codicum manu scriptorum Bibliothecae Universitatis Rheno-Trajectinae. I. Trajecti ad Rhenum / Hagae Comitis 1887. P. 144.</subfield>
    </datafield>
    <datafield tag="581" ind1=" " ind2=" ">
      <subfield code="a">J.M.M. Hermans, 'Elf kisten boeken uit het gouvernementsgebouw te Maastricht. Lotgevallen van de Limburgse handschriften en oude drukken, gevonden in 1839', in: Miscellanea Neerlandica. Opstellen voor Dr. Jan Deschamps ter gelegenheid van zijn zeventigste verjaardag, I. Onder red. van E. Cockx-Indestege &amp; F. Hendrickx. Leuven 1987, p. 105-143. p. 118, 122-123, 133-134.</subfield>
    </datafield>
    <datafield tag="581" ind1=" " ind2=" ">
      <subfield code="a">P.O. Kristeller, Iter Italicum. Accedunt alia itinera. A finding list of uncatalogued or incompletely catalogued humanistic manuscripts of the Renaissance in Italian and other libraries IV (alia itinera II): Great Britain to Spain. London etc. 1989. p. 382.</subfield>
    </datafield>
    <datafield tag="581" ind1=" " ind2=" ">
      <subfield code="a">K. van der Horst, Catalogus van de collectie collegedictaten van de Utrechtse Universiteitsbibliotheek. Utrecht 1994. (= Inventarissen van de afdeling Handschriften van de Universiteitsbibliotheek Utrecht 4). p. 303-304.</subfield>
    </datafield>
    <datafield tag="630" ind1="0" ind2="0">
      <subfield code="a">Bible.</subfield>
      <subfield code="p">Epistles</subfield>
      <subfield code="v">Commentaries.</subfield>
    </datafield>
    <datafield tag="630" ind1="0" ind2="0">
      <subfield code="a">Bible.</subfield>
      <subfield code="p">Revelation</subfield>
      <subfield code="v">Commentaries.</subfield>
    </datafield>
    <datafield tag="630" ind1="0" ind2="7">
      <subfield code="a">Bible.</subfield>
      <subfield code="p">Epistles</subfield>
      <subfield code="2">fast</subfield>
    </datafield>
    <datafield tag="630" ind1="0" ind2="7">
      <subfield code="a">Bible.</subfield>
      <subfield code="p">Revelation</subfield>
      <subfield code="2">fast</subfield>
    </datafield>
    <datafield tag="655" ind1=" " ind2="7">
      <subfield code="a">Commentaries</subfield>
      <subfield code="2">fast</subfield>
    </datafield>
    <datafield tag="700" ind1="1" ind2=" ">
      <subfield code="a">Nullens, Dominicus,</subfield>
      <subfield code="d">-1633,</subfield>
      <subfield code="e">scribe,</subfield>
      <subfield code="e">former owner</subfield>
      <subfield code="4">scr</subfield>
    </datafield>
    <datafield tag="700" ind1="1" ind2=" ">
      <subfield code="a">Thomae ...,</subfield>
      <subfield code="e">author</subfield>
      <subfield code="4">aut</subfield>
    </datafield>
    <datafield tag="700" ind1="1" ind2=" ">
      <subfield code="a">Loemelius ...,</subfield>
      <subfield code="e">scribe.</subfield>
      <subfield code="4">scr</subfield>
    </datafield>
    <datafield tag="700" ind1="1" ind2=" ">
      <subfield code="i">Container of (work):</subfield>
      <subfield code="a">Petri, Cunerus,</subfield>
      <subfield code="d">1530 or 1531-1580.</subfield>
      <subfield code="t">Annotationes in Jacobi apostoli epistolam canonicam.</subfield>
    </datafield>
    <datafield tag="710" ind1="2" ind2=" ">
      <subfield code="a">Gouvernementsgebouw (Maastricht),</subfield>
      <subfield code="e">former owner</subfield>
      <subfield code="4">fmo</subfield>
    </datafield>
    <datafield tag="710" ind1="2" ind2=" ">
      <subfield code="a">Universiteit Utrecht.</subfield>
      <subfield code="b">Bibliotheek.</subfield>
      <subfield code="k">Manuscript</subfield>
      <subfield code="n">Hs. 434 (Hs 5 E 16)</subfield>
    </datafield>
    <datafield tag="758" ind1=" " ind2=" ">
      <subfield code="i">has work:</subfield>
      <subfield code="a">Annotationes in epistolas Pauli, epistolas catholicas et Apocalypsin UBU Hs. 434 (Hs 5 E 16) lecture notes (Text)</subfield>
      <subfield code="1">https://id.oclc.org/worldcat/entity/E39PCFKWTRfwJ9qVKxKFQKqwvd</subfield>
      <subfield code="4">https://id.oclc.org/worldcat/ontology/hasWork</subfield>
    </datafield>
  </record>